000 00654nam a22001697a 4500
005 20251108171852.0
008 250721s1990 xx 000 0 ara d
082 1 4 _a628.39/برك
245 1 0 _aبرك تثبيت المخلفات السائلة :
_bمبادئ التخطيط و الممارسة /
264 1 _aالإسكندرية :
_bمنظمة الصحة العالمية - المكتب الإقليمي لشرق البحر الأبيض المتوسط،
_c1990.
300 _a148ص
490 0 _aالمنشورة التقنية ؛ 10
650 1 7 _aالهندسة الصحية
650 1 7 _aالنفايات
942 _2ddc
_cBK
999 _c64717
_d64717